Представление документа в формате RUSMARC

ПолеНазваниеЗначение
  Тип записи a
  Библиографический уровень a
001 Контрольный номер RU/CBS_UL/BASE/2d34ab0661e343c081014b81e8ef3b61
005 Дата корректировки 20250819131958.7
100 Данные общей обработки __
a Данные общей обработки 20230428 ||| 0rusy0189 ca
101 Язык документа 0_
a Язык текста rus
102 Страна публикации __
a Страна публикации RU
200 Заглавие и сведения об ответственности 1_
a Заглавие Загадочная смерть поэта
e Сведения, относящиеся к заглавию [о судьбе поэта А. Блока]
f Первые сведения об ответственности А. Астахова
300 Общие примечания __
a Общие примечания 16+
461 Уровень набора _0
1 2000
a Дарья. Биография
463 Уровень физической единицы _0
1 2000
a № 4
v С. 24-25 : фот.
1 2101
d 2023
1 001RU/CBS_UL/BASE/a3f68aa67b494533a02fc2573bf9b89e
600 Персоналии _1
a Персоналии (Фамилия) Блок
b Персоналии (Имя, инициалы) А. А.
606 Тематические рубрики 0_
a Основная рубрика Блок, Александр Александрович (1880-1921)
610 Ключевые слова 0_
a Ключевые слова поэты
610 Ключевые слова 0_
a Ключевые слова поэты русские
610 Ключевые слова 0_
a Ключевые слова поэты Серебрянного века
610 Ключевые слова 0_
a Ключевые слова писатели
610 Ключевые слова 0_
a Ключевые слова публицисты
610 Ключевые слова 0_
a Ключевые слова классики русской литературы XX века
686 Индексы других классификаций __
2 Код системы rubbk
a Классификационный индекс 83.3(2Рос=Рус)6
700 Автор _1
a Фамилия Астахова
b Имя (инициалы) А.
801 Источник записи _0
a Страна RU
b Организация МБУК ЦБС г. Ульяновска
c Дата составления 20230428
g Правила каталогизации RCR
801 Источник записи _1
a Страна RU
b Организация МБУК ЦБС г. Ульяновска
c Дата составления 20230428
g Правила каталогизации RCR
901 Тип документа __
t Тип документа b
w Контрольный № источника RU/CBS_UL/BASE/a3f68aa67b494533a02fc2573bf9b89e